000 01337cad a22002535a 4500
001 E148149
008 090805s2009 xxkad f s 000 0 eng d
035 _a(Sirsi) u148149
041 0 _aeng
050 0 4 _a333.33 $2 18
110 2 _aCB Richard Ellis
_93675
245 0 0 _aCentral & eastern European logistics marketview
_h[electronic resource]
260 _aLondon
_bCBRE
_c2009
490 0 _aCB Richard Ellis CEE Logistics Marketview
_vJuly 2009
505 2 _aForeword -- Executive summary -- Introduction -- Trade patterns -- Drivers of demand for developer-led logistics space -- CEE developer-led logistics space landscape -- Outlook by major CEE logistics market -- Definitions -- Regional contacts -- CEE country contacts
520 _aLooks at the developer-led logistics market in central and eastern Europe (CEE), suggesting that despite the current economic downturn, demand for logistics space in CEE remains healthy due to its central location and attractiveness for manufacturing, amongst other things.
521 _aAdvanced
590 _aKA
650 2 4 _aCB RICHARD ELLIS CEE LOGISTICS MARKETVIEW
651 4 _aEurope
690 _aPROPERTY-COMMERCIAL PROPERTY-COMMERCIAL PROPERTY MARKET
856 4 0 _uhttps://www.cbre.co.uk/
_zView the report free of charge under research at www.cbre.co.uk...
942 _n0
999 _c109914
_d109914